<?xml version="1.0" encoding="UTF-8"?>
<collection xmlns="http://www.loc.gov/MARC21/slim">
 <record>
  <leader>01757nam a22002537a 4500</leader>
  <controlfield tag="001">NCT_51249</controlfield>
  <controlfield tag="008">180921b        xxu||||| |||| 00| 0 vie d</controlfield>
  <datafield tag="999" ind1=" " ind2=" ">
   <subfield code="c">2446</subfield>
   <subfield code="d">2446</subfield>
  </datafield>
  <datafield tag="020" ind1=" " ind2=" ">
   <subfield code="c">40000</subfield>
  </datafield>
  <datafield tag="082" ind1="0" ind2="4">
   <subfield code="2">23rd ed.</subfield>
   <subfield code="a">338.702</subfield>
   <subfield code="b">K304</subfield>
  </datafield>
  <datafield tag="100" ind1="1" ind2=" ">
   <subfield code="a">Phạm Ngọc Kiểm</subfield>
  </datafield>
  <datafield tag="245" ind1="1" ind2="0">
   <subfield code="a">Giáo trình thống kê doanh nghiệp</subfield>
   <subfield code="b">(Dùng trong các trường Đại học- Cao đẳng khối Kinh tế )</subfield>
   <subfield code="c">Phạm Ngọc Kiểm, Nguyễn Công Nhự</subfield>
  </datafield>
  <datafield tag="260" ind1=" " ind2=" ">
   <subfield code="a">H.</subfield>
   <subfield code="b">Giáo dục Việt Nam</subfield>
   <subfield code="c">2009</subfield>
  </datafield>
  <datafield tag="300" ind1=" " ind2=" ">
   <subfield code="a">299 tr.</subfield>
   <subfield code="b">bảng</subfield>
   <subfield code="c">24cm</subfield>
  </datafield>
  <datafield tag="520" ind1=" " ind2=" ">
   <subfield code="a">Nội dung sách bao gồm thống kê trong quản lý doanh nghiệp, thống kê kết quả và hiệu quả kinh doanh của doanh nghiệp, thống kê các yếu tố của quá trình tái sản xuất trong doanh nghiệp</subfield>
  </datafield>
  <datafield tag="653" ind1=" " ind2=" ">
   <subfield code="a">Quản trị kinh doanh</subfield>
  </datafield>
  <datafield tag="700" ind1="1" ind2=" ">
   <subfield code="a">Nguyễn Công Nhự</subfield>
  </datafield>
  <datafield tag="942" ind1=" " ind2=" ">
   <subfield code="2">ddc</subfield>
   <subfield code="c">BK</subfield>
  </datafield>
  <datafield tag="952" ind1=" " ind2=" ">
   <subfield code="0">0</subfield>
   <subfield code="1">0</subfield>
   <subfield code="2">ddc</subfield>
   <subfield code="4">0</subfield>
   <subfield code="6">338_702000000000000_K304</subfield>
   <subfield code="7">0</subfield>
   <subfield code="9">14082</subfield>
   <subfield code="a">000001</subfield>
   <subfield code="b">000001</subfield>
   <subfield code="d">2018-09-21</subfield>
   <subfield code="o">338.702 K304</subfield>
   <subfield code="p">MD.13408</subfield>
   <subfield code="r">2018-09-21</subfield>
   <subfield code="v">40000.00</subfield>
   <subfield code="w">2018-09-21</subfield>
   <subfield code="y">BK</subfield>
  </datafield>
  <datafield tag="952" ind1=" " ind2=" ">
   <subfield code="0">0</subfield>
   <subfield code="1">0</subfield>
   <subfield code="2">ddc</subfield>
   <subfield code="4">0</subfield>
   <subfield code="6">338_702000000000000_K304</subfield>
   <subfield code="7">0</subfield>
   <subfield code="9">14083</subfield>
   <subfield code="a">000001</subfield>
   <subfield code="b">000001</subfield>
   <subfield code="d">2018-09-21</subfield>
   <subfield code="o">338.702 K304</subfield>
   <subfield code="p">MD.13409</subfield>
   <subfield code="r">2018-09-21</subfield>
   <subfield code="v">40000.00</subfield>
   <subfield code="w">2018-09-21</subfield>
   <subfield code="y">BK</subfield>
  </datafield>
  <datafield tag="952" ind1=" " ind2=" ">
   <subfield code="0">0</subfield>
   <subfield code="1">0</subfield>
   <subfield code="2">ddc</subfield>
   <subfield code="4">0</subfield>
   <subfield code="6">338_702000000000000_K304</subfield>
   <subfield code="7">0</subfield>
   <subfield code="9">14084</subfield>
   <subfield code="a">000001</subfield>
   <subfield code="b">000001</subfield>
   <subfield code="d">2018-09-21</subfield>
   <subfield code="o">338.702 K304</subfield>
   <subfield code="p">MD.13410</subfield>
   <subfield code="r">2018-09-21</subfield>
   <subfield code="v">40000.00</subfield>
   <subfield code="w">2018-09-21</subfield>
   <subfield code="y">BK</subfield>
  </datafield>
  <datafield tag="952" ind1=" " ind2=" ">
   <subfield code="0">0</subfield>
   <subfield code="1">0</subfield>
   <subfield code="2">ddc</subfield>
   <subfield code="4">0</subfield>
   <subfield code="6">338_702000000000000_K304</subfield>
   <subfield code="7">0</subfield>
   <subfield code="9">14085</subfield>
   <subfield code="a">000001</subfield>
   <subfield code="b">000001</subfield>
   <subfield code="d">2018-09-21</subfield>
   <subfield code="o">338.702 K304</subfield>
   <subfield code="p">MD.13411</subfield>
   <subfield code="r">2018-09-21</subfield>
   <subfield code="v">40000.00</subfield>
   <subfield code="w">2018-09-21</subfield>
   <subfield code="y">BK</subfield>
  </datafield>
  <datafield tag="952" ind1=" " ind2=" ">
   <subfield code="0">0</subfield>
   <subfield code="1">0</subfield>
   <subfield code="2">ddc</subfield>
   <subfield code="4">0</subfield>
   <subfield code="6">338_702000000000000_K304</subfield>
   <subfield code="7">0</subfield>
   <subfield code="9">14086</subfield>
   <subfield code="a">000001</subfield>
   <subfield code="b">000001</subfield>
   <subfield code="d">2018-09-21</subfield>
   <subfield code="o">338.702 K304</subfield>
   <subfield code="p">MD.13412</subfield>
   <subfield code="r">2018-09-21</subfield>
   <subfield code="v">40000.00</subfield>
   <subfield code="w">2018-09-21</subfield>
   <subfield code="y">BK</subfield>
  </datafield>
  <datafield tag="980" ind1=" " ind2=" ">
   <subfield code="a">Thư viện Trường Đại học Nam Cần Thơ</subfield>
  </datafield>
 </record>
</collection>
